<?xml version="1.0" encoding="UTF-8"?>
<record
    xmlns:xsi="http://www.w3.org/2001/XMLSchema-instance"
    xsi:schemaLocation="http://www.loc.gov/MARC21/slim http://www.loc.gov/standards/marcxml/schema/MARC21slim.xsd"
    xmlns="http://www.loc.gov/MARC21/slim">

  <leader>02605cam a22004214i 4500</leader>
  <controlfield tag="003">PE-LiUPU</controlfield>
  <controlfield tag="005">20250731173601.0</controlfield>
  <controlfield tag="008">150127s2015    miu      b    001 0 eng  </controlfield>
  <datafield tag="020" ind1=" " ind2=" ">
    <subfield code="a">9781921643910</subfield>
  </datafield>
  <datafield tag="040" ind1=" " ind2=" ">
    <subfield code="a">DLC</subfield>
    <subfield code="b">eng</subfield>
    <subfield code="e">rda</subfield>
    <subfield code="c">PE-LiUPU</subfield>
    <subfield code="d">PE-LiUPU</subfield>
  </datafield>
  <datafield tag="082" ind1="0" ind2="4">
    <subfield code="a">222.1107</subfield>
    <subfield code="2">23</subfield>
    <subfield code="b">S244g</subfield>
  </datafield>
  <datafield tag="100" ind1="1" ind2=" ">
    <subfield code="a">Sarfati, Jonathan D.</subfield>
    <subfield code="e">autor.</subfield>
    <subfield code="9">3749</subfield>
  </datafield>
  <datafield tag="245" ind1="1" ind2="4">
    <subfield code="a">The Genesis account /</subfield>
    <subfield code="c">edited by Gerald A. Klingbeil.</subfield>
    <subfield code="b">A theologica, historical, and scientific commentary on Genesis 1-11</subfield>
  </datafield>
  <datafield tag="250" ind1=" " ind2=" ">
    <subfield code="a">Primera edici&#xF3;n.</subfield>
  </datafield>
  <datafield tag="264" ind1=" " ind2="1">
    <subfield code="a">Powder Springs, Georgia :</subfield>
    <subfield code="b">Creation Book Pubishers,</subfield>
    <subfield code="c">2015.</subfield>
  </datafield>
  <datafield tag="300" ind1=" " ind2=" ">
    <subfield code="a">xii, 781 p&#xE1;ginas ;</subfield>
    <subfield code="c">23.5 cent&#xED;metros.</subfield>
  </datafield>
  <datafield tag="336" ind1=" " ind2=" ">
    <subfield code="a">text</subfield>
    <subfield code="2">rdacontent</subfield>
  </datafield>
  <datafield tag="337" ind1=" " ind2=" ">
    <subfield code="a">unmediated</subfield>
    <subfield code="2">rdamedia</subfield>
  </datafield>
  <datafield tag="338" ind1=" " ind2=" ">
    <subfield code="a">volume</subfield>
    <subfield code="2">rdacarrier</subfield>
  </datafield>
  <datafield tag="490" ind1="1" ind2=" ">
    <subfield code="a">(Creation Book Moock)</subfield>
  </datafield>
  <datafield tag="504" ind1=" " ind2=" ">
    <subfield code="a">Indexes : p&#xE1;ginas 739-785.</subfield>
  </datafield>
  <datafield tag="505" ind1="0" ind2=" ">
    <subfield code="a">Author, date, and structure -- Genesis is history, not poetry or allegory -- Genesis 1-11 and Systematic Theology -- CREATION OF THE UNIVERSE GENESIS -- Day 1: Beginning and light (1:1-5) &#x2013; Date of creation -- Day 2: Creation of the expanse (1:6-8) -- Day 3: Land and plants (1:9-13) -- Day 4: Sun, moon, and stars (1:14-19) -- Day 5: Sea and air creatures (1:20-23) -- Day 6: Land animals and man (1:24-31) -- Day 7: God "rested" (2:1-3) TOLEDOT 1: WHAT FROM HEAVENS AND EARTH (GENESIS 2:4-4:26) -- Adam and Eve (2:4-25) -- The Fall (3:1-24) -- The children of Adam and Eve (4:1-26) -- TOLEDOT 2: WHAT FOLLOWED FROM ADAM (GENESIS 5:1-6:8) -- From Adam to Noah (5:1-32) -- Wickedness before the Flood (6:1-8) -- TOLEDOT 3: WHAT FOLLOWED FROM NOAH (GENBSIS 6:9-9:29) -- Preparation for the Flood (6:9-7:5) . Evidence for the global Flood &#x2013; The Flood begins and rises (7:6-24) -- The Flood subsides (8:1-19) -- God's covenant with Noah (8:20-9:17) -- Noah's sons and later years (9:18-29) &#x2013; TOLEDOT 4: WHAT FOLLOWED FROM NOHA&#x2019;S SONS (GENESIS 10:1-11:9) -- Nations and languages (10:1-11:9) -- TOLEDOT 5: WHAT FOLLOWED FROM SHEM (GENESIS 11:10-26) -- The line of Shem (11:10-26) TOLEDOT 6: WHAT FOLLOWED FROM TERAH (GENESIS 11:10-25:11) Terah and Abraham (11:27-12:4)</subfield>
  </datafield>
  <datafield tag="526" ind1=" " ind2=" ">
    <subfield code="a">SEG42</subfield>
  </datafield>
  <datafield tag="526" ind1=" " ind2=" ">
    <subfield code="a">SEG41</subfield>
  </datafield>
  <datafield tag="526" ind1=" " ind2=" ">
    <subfield code="a">SEG40</subfield>
  </datafield>
  <datafield tag="526" ind1=" " ind2=" ">
    <subfield code="a">SEG39</subfield>
  </datafield>
  <datafield tag="526" ind1=" " ind2=" ">
    <subfield code="a">P94</subfield>
  </datafield>
  <datafield tag="526" ind1=" " ind2=" ">
    <subfield code="a">P87</subfield>
  </datafield>
  <datafield tag="526" ind1=" " ind2=" ">
    <subfield code="a">P86</subfield>
  </datafield>
  <datafield tag="526" ind1=" " ind2=" ">
    <subfield code="a">P85</subfield>
  </datafield>
  <datafield tag="526" ind1=" " ind2=" ">
    <subfield code="a">P77</subfield>
  </datafield>
  <datafield tag="526" ind1=" " ind2=" ">
    <subfield code="a">P76</subfield>
  </datafield>
  <datafield tag="526" ind1=" " ind2=" ">
    <subfield code="a">P35</subfield>
  </datafield>
  <datafield tag="630" ind1="1" ind2="4">
    <subfield code="a">Biblia.</subfield>
    <subfield code="p">G&#xE9;nesis</subfield>
    <subfield code="x">Cr&#xED;tica, interpretaci&#xF3;n, etc.</subfield>
    <subfield code="9">947</subfield>
  </datafield>
  <datafield tag="942" ind1=" " ind2=" ">
    <subfield code="2">ddc</subfield>
    <subfield code="c">BK</subfield>
  </datafield>
  <datafield tag="980" ind1=" " ind2=" ">
    <subfield code="6">18226</subfield>
    <subfield code="a">Jaime Vilcaz&#xE1;n Jefe de An&#xE1;lisis Documental</subfield>
    <subfield code="8">1</subfield>
    <subfield code="g">ALBERTO SANCHEZ Responsable de Automatizaci&#xF3;n</subfield>
  </datafield>
  <datafield tag="999" ind1=" " ind2=" ">
    <subfield code="c">62318</subfield>
    <subfield code="d">62317</subfield>
  </datafield>
  <datafield tag="952" ind1=" " ind2=" ">
    <subfield code="r">2025-12-02 00:00:00</subfield>
    <subfield code="l">1</subfield>
    <subfield code="o">222.1107 S244g</subfield>
    <subfield code="p">81925</subfield>
    <subfield code="s">2025-06-04</subfield>
    <subfield code="t">e1</subfield>
    <subfield code="v">40.34</subfield>
    <subfield code="w">2024-02-22</subfield>
    <subfield code="x">FT</subfield>
    <subfield code="y">BK</subfield>
    <subfield code="1">0</subfield>
    <subfield code="2">ddc</subfield>
    <subfield code="5">0</subfield>
    <subfield code="7">0</subfield>
    <subfield code="8">GEN</subfield>
    <subfield code="f">P35</subfield>
    <subfield code="a">BUL</subfield>
    <subfield code="b">BUL</subfield>
    <subfield code="c">GEN</subfield>
    <subfield code="d">2022-01-03</subfield>
    <subfield code="e">Donaci&#xF3;n</subfield>
  </datafield>
</record>
